Birth Control (Record no. 4914)

MARC details
000 -LEADER
fixed length control field 00390nam a2200157 a 4500
082 00 - DEWEY DECIMAL CLASSIFICATION NUMBER
Classification number 304.66
Author Cutter MAU
100 ## - MAIN ENTRY--AUTHOR NAME
Author name Maududi, Abul A`La
245 ## - TITLE STATEMENT
Title Birth Control
260 ## - PUBLICATION, DISTRIBUTION, ETC. (IMPRINT)
Place of publication Lahore
Name of publisher Islamic Publications
Year of publication 1976
300 ## - PHYSICAL DESCRIPTION
Number of Pages 182p
500 ## - GENERAL NOTE
General note includes index and biblioraphy
505 2# - FORMATTED CONTENTS NOTE
Formatted contents note bibl, Ref. Index
650 ## - SUBJECT ADDED ENTRY--TOPICAL TERM
Topical Term Family-Planning Islam
942 ## - ADDED ENTRY ELEMENTS (KOHA)
Koha item type Books
700 1# -
-- Maududi, Abul A`La
Holdings
Home library Current library Date acquired Cost, normal purchase price Full call number Accession Number Koha item type
Henry Martyn Institute Library Henry Martyn Institute Library 03/20/2007 12.50 304.66 MAU 09284 E-Books
                   Copyright © 2026 | Henry Martyn Institute | Hyderabad | TS-500052 | INDIA | Implemented by hmi.edu.in
Hit-Count:

Powered by Koha